Municipalities and Cities of Cavite - Statistics

General Stats
  • This quiz has been taken 5 times
  • The average score is 16 of 23
Answer Stats
Municipalities and Cities of Cavite % Correct
Dasmarinas
100%
General Trias
100%
Bacoor
80%
Carmona
80%
General Mariano Alvarez (GMA)
80%
Imus
80%
Kawit
80%
Noveleta
80%
Silang
80%
Alfonso
60%
Amadeo
60%
Cavite City
60%
General Emilio Aguinaldo (GEA)
60%
Indang
60%
Maragondon
60%
Naic
60%
Rosario
60%
Tagaytay
60%
Tanza
60%
Ternate
60%
Trece Martires
60%
Magallanes
40%
Mendez
40%
No matching quizzes found
Score Distribution
Percent of People with Each Score
Percentile by Number Answered
Your Score History
You have not taken this quiz